|
|
|
|
| LEADER |
00000nam a2200000Ii 4500 |
| 001 |
DIGIBE0223 |
| 003 |
NyNyDIG |
| 006 |
m o d |
| 007 |
cr ||||||||||| |
| 008 |
140101s2013 sp a ob 000 0 spa d |
| 020 |
|
|
|a 9783865279965
|q (eBook)
|
| 020 |
|
|
|z 3865277160
|q (Vervuert)
|
| 020 |
|
|
|z 9783865271396
|q (Vervuert)
|
| 020 |
|
|
|z 9788484896678
|q (Iberoamericana)
|
| 020 |
|
|
|z 8484896676
|q (Iberoamericana)
|
| 035 |
|
|
|a (OCoLC)888240695
|
| 040 |
|
|
|a DGITA
|b eng
|e pn
|c DGITA
|
| 043 |
|
|
|a e-sp---
|
| 050 |
1 |
4 |
|a PN6775 eBook
|
| 100 |
1 |
|
|a Pérez-del-Solar, Pedro,
|d 1966-
|
| 245 |
1 |
0 |
|a Imágenes del desencanto :
|b nueva historieta española 1980-1986 /
|c Pedro Pérez del Solar.
|
| 264 |
|
1 |
|a Madrid :
|b Iberoamericana ;
|a Frankfurt am Main :
|b Vervuert,
|c 2013.
|
| 300 |
|
|
|a 1 online resource (174 pages) :
|b ill.
|
| 336 |
|
|
|a text
|b txt
|2 rdacontent
|
| 337 |
|
|
|a computer
|b c
|2 rdamedia
|
| 338 |
|
|
|a online resource
|b cr
|2 rdacarrier
|
| 490 |
1 |
|
|a La casa de la riqueza. Estudios de cultura de España ;
|v 23.
|
| 504 |
|
|
|a Includes bibliographical references (p. 317-329).
|
| 650 |
|
0 |
|a Comic books, strips, etc.
|z Spain
|x History and criticism
|y 20th century.
|
| 655 |
|
0 |
|a Electronic books.
|
| 791 |
2 |
|
|a Digitalia (Firm),
|e distributor.
|
| 830 |
|
0 |
|a Casa de la riqueza.
|p Estudios de cultura de España ;
|v 23.
|
| 793 |
0 |
|
|g Digitalia eBook Collection:
|a Iberoamericana/Vervuert.
|
| 856 |
4 |
0 |
|3 Digitalia Hispánica
|u https://www.digitaliapublishing.com/a/23307/
|
| 910 |
|
|
|a Premium Collection: 2007-2012
|